000 01027nam a22002297a 4500
005 20210325190859.0
008 s2534 th tha d
041 _atha
090 _aว SB379.M25 ธ162ก 2534
100 0 _aธนะชัย พันธ์เกษมสุข
245 1 0 _aการศึกษาวิธีการคัดคุณภาพของผลมังคุด
246 _aStudy on quality sorting techniques of mangosteen (Gracinia mangostans L.) fruit
260 3 _aเชียงใหม่ :
_bมหาวิทยาลัยเชียงใหม่,
_c2534
300 _a35 หน้า :
_b ภาพประกอบ ;
_c 29 ซม.
650 0 4 _aผลิตผลการเกษตร -- วิจัย
650 0 4 _aมังคุด -- การคัดแยก -- วิจัย
650 0 4 _aมังคุด -- วิจัย
850 _aNALT
942 _cRSH
997 _c000000000026701
_kVC
998 _aNisa Luangthongkum
999 _c26701
_d26701